[Event "Marshall CC int fin"]
[Site "New York"]
[Date "1995.??.??"]
[Round "1"]
[White "Bonin, Jay R"]
[Black "Moulin, Pierre"]
[Result "1/2-1/2"]
[WhiteElo "2360"]
[BlackElo "2315"]
[PlyCount "120"]
[EventDate "1995.08.??"]
[EventType "schev"]
[EventRounds "4"]
[EventCountry "USA"]
[EventCategory "4"]
[SourceTitle "EXT 2002"]
[Source "ChessBase"]
[SourceDate "2001.11.25"]
[SourceVersion "1"]
[SourceVersionDate "2001.11.25"]
[SourceQuality "1"]

1. d4 Nf6 2. c4 e6 3. Nf3 b6 4. g3 Bb7 5. Bg2 Be7 6. 0-0 0-0 7. Nc3 Ne4 8. Bd2 f5 9. d5 Bf6 10. Rc1 c5 11. Be1 exd5 12. cxd5 Na6 13. Nd2 Nd6 14. Qb3 c4 15. Nxc4 Nc5 16. Qb4 Nxc4 17. Qxc4 Ba6 18. Qb4 d6 19. Bd2 Qd7 20. Rfe1 Rae8 21. Qa3 Bxc3 22. Qxc3 Bxe2 23. b4 Ne4 24. Qd4 Nxd2 25. Qxd2 Bb5 26. Re6 f4 27. Rce1 fxg3 28. hxg3 Qd8 29. Bh3 Rf6 30. Rc1 Ref8 31. Rxf6 Qxf6 32. Be6+ Kh8 33. Qf4 Qxf4 34. gxf4 g6 35. f5 gxf5 36. Rc7 a5 37. Rb7 axb4 38. Rxb6 Bc4 39. Rxb4 Bxa2 40. Rb7 Rd8 41. Kg2 Ra8 42. Rd7 Bb1 43. Kg3 Ra4 44. f4 Bd3 45. Rxd6 Kg7 46. Rd7+ Kg6 47. Bf7+ Kh6 48. d6 Rd4 49. Rd8 Kg7 50. Be6 Kf6 51. Bc8 Bb5 52. d7 Ke7 53. Rh8 Bxd7 54. Rxh7+ Ke6 55. Rxd7 Rxd7 56. Kh4 Ke7 57. Bxd7 Kxd7 58. Kg5 Ke6 59. Kg6 Ke7 60. Kxf5 Kf7 1/2-1/2

[Event "Marshall CC prel m 15'"]
[Site "New York"]
[Date "1995.??.??"]
[Round "5"]
[White "Klein, Erez"]
[Black "Moulin, Pierre"]
[Result "0-1"]
[WhiteElo "2380"]
[BlackElo "2315"]
[PlyCount "40"]
[EventDate "1995.08.??"]
[EventType "match"]
[EventRounds "4"]
[EventCountry "USA"]
[SourceTitle "EXT 2002"]
[Source "ChessBase"]
[SourceDate "2001.11.25"]
[SourceVersion "1"]
[SourceVersionDate "2001.11.25"]
[SourceQuality "1"]

1. d4 Nf6 2. c4 e6 3. Nc3 Bb4 4. Qc2 d5 5. a3 Bxc3+ 6. Qxc3 Ne4 7. Qc2 c5 8. dxc5 Nc6 9. cxd5 exd5 10. Nf3 0-0 11. b4 Bf5 12. Qb2 Re8 13. e3 d4 14. Bb5 Ng5 15. Bxc6 bxc6 16. Nxd4 Bd3 17. Qb3 Qxd4 18. Bb2 Rxe3+ 19. fxe3 Qxe3+ 20. Kd1 Rd8 0-1

[Event "New York op"]
[Site "Newark"]
[Date "1995.??.??"]
[Round "?"]
[White "Kreiman, Boris"]
[Black "Moulin, Pierre"]
[Result "1/2-1/2"]
[WhiteElo "2400"]
[BlackElo "2300"]
[PlyCount "100"]
[EventDate "1995.04.12"]
[EventType "swiss"]
[EventRounds "9"]
[EventCountry "USA"]
[SourceTitle "EXT 2002"]
[Source "ChessBase"]
[SourceDate "2001.11.25"]
[SourceVersion "1"]
[SourceVersionDate "2001.11.25"]
[SourceQuality "1"]

1. e4 c5 2. Nf3 Nc6 3. Nc3 e5 4. Bc4 Be7 5. 0-0 d6 6. Nd5 Nf6 7. Nxf6+ Bxf6 8. c3 0-0 9. d3 Rb8 10. a4 Be6 11. Be3 Qd7 12. h3 Rbd8 13. Re1 Rfe8 14. a5 Rc8 15. Bxe6 Qxe6 16. c4 a6 17. Bd2 Bd8 18. Bc3 Rf8 19. Nd2 Bg5 20. Nf1 Bf4 21. Ne3 Bxe3 22. fxe3 f5 23. exf5 Rxf5 24. Qg4 Rcf8 25. e4 R5f6 26. Qxe6+ Rxe6 27. Rf1 Ref6 28. Rxf6 Rxf6 29. Ra3 Kf8 30. Ra1 Ke7 31. Rf1 Rxf1+ 32. Kxf1 Ke6 33. Ke2 Kf6 34. Kf3 Kg6 35. Kg4 Kf6 36. h4 Kg6 37. h5+ Kf7 38. Kf5 Ne7+ 39. Kg5 Nc6 40. g3 Ke6 41. Kg4 Kf7 42. Kf3 Ke6 43. Kg4 Kf7 44. Kg5 Ke6 45. Kh4 Kf7 46. Kh3 Ke6 47. Kg2 Kf7 48. Bd2 Ke6 49. Kf2 Kf7 50. g4 Ke6 1/2-1/2

[Event "Marshall CC prel m 15'"]
[Site "New York"]
[Date "1995.??.??"]
[Round "3"]
[White "Moulin, Pierre"]
[Black "Klein, Erez"]
[Result "1-0"]
[WhiteElo "2315"]
[BlackElo "2380"]
[PlyCount "97"]
[EventDate "1995.08.??"]
[EventType "match"]
[EventRounds "4"]
[EventCountry "USA"]
[SourceTitle "EXT 2002"]
[Source "ChessBase"]
[SourceDate "2001.11.25"]
[SourceVersion "1"]
[SourceVersionDate "2001.11.25"]
[SourceQuality "1"]

1. e4 c5 2. d3 Nc6 3. f4 e6 4. Nf3 d5 5. Nc3 Nf6 6. e5 Nd7 7. g3 b5 8. Bg2 b4 9. Ne2 a5 10. 0-0 Ba6 11. Rf2 g6 12. g4 h5 13. h3 hxg4 14. hxg4 Nb6 15. Be3 d4 16. Bd2 Nd5 17. Ng3 Be7 18. Ne4 Qb6 19. Nfg5 Ne3 20. Qf3 Nxg2 21. Rxg2 Bb7 22. Re1 Qc7 23. Qg3 Nd8 24. Rh2 Rf8 25. f5 Bxg5 26. Bxg5 Bxe4 27. Rxe4 gxf5 28. gxf5 exf5 29. Reh4 Ne6 30. Bf6 Kd7 31. Qf3 Qc6 32. Kf2 Qxf3+ 33. Kxf3 a4 34. Rh7 b3 35. cxb3 axb3 36. a3 Rac8 37. R2h5 f4 38. Ke4 c4 39. dxc4 Rxc4 40. Rh3 Rc2 41. Rh2 Rxh2 42. Rxh2 Rc8 43. Rh8 Rc2 44. Rh7 Re2+ 45. Kd5 Nc7+ 46. Kxd4 Ke6 47. Bd8 Rd2+ 48. Kc3 Rxd8 49. Kxb3 1-0

[Event "Marshall CC int prel"]
[Site "New York"]
[Date "1995.??.??"]
[Round "2"]
[White "Moulin, Pierre"]
[Black "Treger, Effim"]
[Result "0-1"]
[WhiteElo "2315"]
[BlackElo "2175"]
[PlyCount "58"]
[EventDate "1995.08.??"]
[EventType "tourn"]
[EventRounds "5"]
[EventCountry "USA"]
[SourceTitle "EXT 2002"]
[Source "ChessBase"]
[SourceDate "2001.11.25"]
[SourceVersion "1"]
[SourceVersionDate "2001.11.25"]
[SourceQuality "1"]

1. e4 g6 2. d4 Bg7 3. Nc3 d6 4. f4 a6 5. Nf3 b5 6. a3 Nd7 7. Bd3 c5 8. d5 c4 9. Be2 Qb6 10. Qd2 Ngf6 11. Qe3 Nc5 12. Ng5 h6 13. e5 hxg5 14. exf6 Bxf6 15. fxg5 Bd4 16. Qg3 Bf5 17. Bd1 Ne4 18. Nxe4 Bxe4 19. c3 Be5 20. Bf4 Bxf4 21. Qxf4 Bxg2 22. Rf1 Bxf1 23. Kxf1 0-0-0 24. Kg2 Kb8 25. Bf3 f6 26. Re1 fxg5 27. Qxg5 Rxh2+ 28. Kxh2 Qf2+ 29. Kh3 Qxf3+ 0-1

[Event "New York op"]
[Site "Newark"]
[Date "1995.??.??"]
[Round "?"]
[White "Moulin, Pierre"]
[Black "Vucic, Mladen"]
[Result "1/2-1/2"]
[WhiteElo "2300"]
[BlackElo "2375"]
[PlyCount "24"]
[EventDate "1995.04.12"]
[EventType "swiss"]
[EventRounds "9"]
[EventCountry "USA"]
[SourceTitle "EXT 2002"]
[Source "ChessBase"]
[SourceDate "2001.11.25"]
[SourceVersion "1"]
[SourceVersionDate "2001.11.25"]
[SourceQuality "1"]

1. e4 e5 2. Bc4 Nf6 3. d3 Nc6 4. Nc3 Bb4 5. Nf3 d6 6. 0-0 Bxc3 7. bxc3 Na5 8. Bb3 Nxb3 9. axb3 Bg4 10. h3 Bh5 11. Re1 Nd7 12. Qe2 0-0 1/2-1/2

[Event "Marshall CC int prel"]
[Site "New York"]
[Date "1995.??.??"]
[Round "3"]
[White "Shliperman, Igor"]
[Black "Moulin, Pierre"]
[Result "1/2-1/2"]
[WhiteElo "2350"]
[BlackElo "2315"]
[PlyCount "47"]
[EventDate "1995.08.??"]
[EventType "tourn"]
[EventRounds "5"]
[EventCountry "USA"]
[SourceTitle "EXT 2002"]
[Source "ChessBase"]
[SourceDate "2001.11.25"]
[SourceVersion "1"]
[SourceVersionDate "2001.11.25"]
[SourceQuality "1"]

1. e4 c5 2. Nf3 d6 3. Bb5+ Bd7 4. Bxd7+ Qxd7 5. 0-0 Nc6 6. c3 Nf6 7. Qe2 e6 8. d4 cxd4 9. Bg5 Be7 10. cxd4 d5 11. Bxf6 Bxf6 12. exd5 Qxd5 13. Rd1 Nxd4 14. Nxd4 Bxd4 15. Na3 Qe5 16. Qc4 Bxb2 17. Qb4 Bc3 18. Qa4+ b5 19. Nxb5 Bxa1 20. Nd4+ Kf8 21. Qb4+ Ke8 22. Qa4+ Kf8 23. Qb4+ Ke8 24. Qa4+ 1/2-1/2

[Event "Marshall CC int prel"]
[Site "New York"]
[Date "1995.??.??"]
[Round "1"]
[White "Vulicevic, Nenad"]
[Black "Moulin, Pierre"]
[Result "0-1"]
[WhiteElo "2315"]
[BlackElo "2315"]
[PlyCount "60"]
[EventDate "1995.08.??"]
[EventType "tourn"]
[EventRounds "5"]
[EventCountry "USA"]
[SourceTitle "EXT 2002"]
[Source "ChessBase"]
[SourceDate "2001.11.25"]
[SourceVersion "1"]
[SourceVersionDate "2001.11.25"]
[SourceQuality "1"]

1. Nf3 c5 2. c4 Nc6 3. g3 g6 4. Bg2 Bg7 5. 0-0 e6 6. e4 Nge7 7. Nc3 0-0 8. d3 a6 9. Be3 Nd4 10. Qd2 Rb8 11. Bh6 Bxh6 12. Qxh6 Nxf3+ 13. Bxf3 Nc6 14. Bg2 Nd4 15. e5 f5 16. exf6 Qxf6 17. Rab1 b5 18. Ne4 Qe7 19. h4 Bb7 20. Qe3 d5 21. Nd2 Qf6 22. f4 bxc4 23. dxc4 Nf5 24. Qf2 d4 25. Bxb7 Rxb7 26. Nf3 Ne3 27. Rfc1 Qf5 28. Ne5 Rb4 29. b3 Qe4 30. Qf3 Qxe5 0-1

[Event "New York op"]
[Site "Newark"]
[Date "1995.??.??"]
[Round "?"]
[White "Zlotnikov, Mikhail"]
[Black "Moulin, Pierre"]
[Result "1/2-1/2"]
[WhiteElo "2370"]
[BlackElo "2300"]
[PlyCount "98"]
[EventDate "1995.04.12"]
[EventType "swiss"]
[EventRounds "9"]
[EventCountry "USA"]
[SourceTitle "EXT 2002"]
[Source "ChessBase"]
[SourceDate "2001.11.25"]
[SourceVersion "1"]
[SourceVersionDate "2001.11.25"]
[SourceQuality "1"]

1. c4 c5 2. g3 Nf6 3. Bg2 d5 4. cxd5 Nxd5 5. Nc3 Nc7 6. d3 g6 7. Be3 Ne6 8. Qd2 Na6 9. Nf3 Bg7 10. Bh6 0-0 11. 0-0 Rb8 12. a3 Bxh6 13. Qxh6 Bd7 14. Ne5 Be8 15. e3 f6 16. Nf3 Qxd3 17. Rad1 Qc2 18. Rd2 Qb3 19. Nh4 Nac7 20. Rfd1 Bf7 21. f4 Ng7 22. Be4 b5 23. f5 g5 24. Ng6 Rfe8 25. Rd7 Qxb2 26. Nxe7+ Rxe7 27. Qxf6 Rxd7 28. Rxd7 Rf8 29. Rxc7 Qc1+ 30. Kf2 Qd2+ 31. Ne2 Qxe2+ 32. Kxe2 Bc4+ 33. Kd2 Rxf6 34. Rxc5 Ne8 35. Bc2 Rd6+ 36. Kc3 Nf6 37. e4 Nd7 38. Rc7 a6 39. Ra7 Kf8 40. f6 Nxf6 41. e5 Nd5+ 42. Kd4 Rh6 43. Rxh7 Rxh7 44. Bxh7 Ke7 45. Bf5 Nb6 46. h4 gxh4 47. gxh4 Bf7 48. Kc5 Nc4 49. Bc8 Nxa3 1/2-1/2

[Event "New York Marshall CC"]
[Site "New York"]
[Date "1993.??.??"]
[Round "9"]
[White "Ginsburg, Mark"]
[Black "Moulin, Pierre"]
[Result "1/2-1/2"]
[WhiteElo "2405"]
[BlackElo "2305"]
[PlyCount "115"]
[EventDate "1993.??.??"]
[EventType "tourn"]
[EventRounds "11"]
[EventCountry "USA"]
[EventCategory "4"]
[SourceTitle "CBM 035 Extra"]
[Source "ChessBase"]
[SourceDate "1993.09.01"]
[SourceVersion "1"]
[SourceVersionDate "1993.09.01"]
[SourceQuality "1"]

1. d4 d5 2. c4 dxc4 3. e3 Nf6 4. Bxc4 e6 5. Nf3 a6 6. 0-0 c5 7. dxc5 Bxc5 8. Qxd8+ Kxd8 9. b3 b6 10. Nc3 Bb4 11. Bb2 Bb7 12. a3 Bd6 13. Rfd1 Ke7 14. Ng5 Rd8 15. f3 Nc6 16. Bd3 Ne5 17. Be2 Rac8 18. Rac1 b5 19. a4 bxa4 20. Nxa4 h6 21. Nh3 Nd5 22. e4 Nb4 23. Nf2 f6 24. f4 Nd7 25. g3 g5 26. e5 fxe5 27. fxg5 hxg5 28. Rxc8 Rxc8 29. Bc1 Rg8 30. Nh3 Bd5 31. Bxg5+ Rxg5 32. Nxg5 Bxb3 33. Nc3 Bxd1 34. Bxd1 Bc5+ 35. Kg2 Nd5 36. Nge4 Bd4 37. Nxd5+ exd5 38. Ng5 Be3 39. Nh7 e4 40. g4 Kf7 41. Bb3 Nb6 42. g5 Kg7 43. Nf6 Bxg5 44. Nxd5 Nxd5 45. Bxd5 e3 46. Bc4 a5 47. Kf3 a4 48. Ke2 Kf6 49. Kd1 Bh6 50. h4 Kf5 51. Be2 Kf4 52. Kc2 Bg7 53. Kb1 Kg3 54. Ka2 Bf8 55. h5 Kf2 56. Bc4 e2 57. Bxe2 Kxe2 58. h6 1/2-1/2

[Event "New York Marshall CC"]
[Site "New York"]
[Date "1993.??.??"]
[Round "11"]
[White "Moskow, Eric"]
[Black "Moulin, Pierre"]
[Result "0-1"]
[WhiteElo "2235"]
[BlackElo "2305"]
[PlyCount "72"]
[EventDate "1993.??.??"]
[EventType "tourn"]
[EventRounds "11"]
[EventCountry "USA"]
[EventCategory "4"]
[SourceTitle "CBM 035 Extra"]
[Source "ChessBase"]
[SourceDate "1993.09.01"]
[SourceVersion "1"]
[SourceVersionDate "1993.09.01"]
[SourceQuality "1"]

1. c4 c5 2. Nc3 g6 3. g3 Bg7 4. Bg2 Nc6 5. a3 e6 6. b4 cxb4 7. axb4 Nge7 8. Qa4 d5 9. b5 Ne5 10. cxd5 exd5 11. d4 Nc4 12. Nf3 0-0 13. 0-0 Bg4 14. Rd1 Qd7 15. Ra2 Rfc8 16. Qb3 h6 17. Bf4 Be6 18. Rda1 Nf5 19. Qd1 g5 20. g4 Ne7 21. Bg3 Bxg4 22. h4 Nf5 23. hxg5 Nxg3 24. fxg3 Qd6 25. Kh2 hxg5 26. Rxa7 Rxa7 27. Rxa7 Ne3 28. Qd3 Qh6+ 29. Kg1 Nxg2 30. Kxg2 Qh3+ 31. Kf2 Bxf3 32. Kxf3 Re8 33. Kf2 g4 34. Nxd5 Qh2+ 35. Ke1 Qh1+ 36. Kd2 Qxd5 0-1

[Event "New York Marshall CC"]
[Site "New York"]
[Date "1993.??.??"]
[Round "10"]
[White "Moulin, Pierre"]
[Black "Levitan, Yuliya"]
[Result "0-1"]
[WhiteElo "2305"]
[BlackElo "2280"]
[PlyCount "120"]
[EventDate "1993.??.??"]
[EventType "tourn"]
[EventRounds "11"]
[EventCountry "USA"]
[EventCategory "4"]
[SourceTitle "CBM 035 Extra"]
[Source "ChessBase"]
[SourceDate "1993.09.01"]
[SourceVersion "1"]
[SourceVersionDate "1993.09.01"]
[SourceQuality "1"]

1. c4 e5 2. Nc3 Nc6 3. g3 g6 4. Bg2 Bg7 5. Rb1 Nge7 6. b4 0-0 7. e3 d6 8. b5 Nb8 9. Nge2 Nd7 10. 0-0 Nb6 11. d3 d5 12. Ba3 d4 13. exd4 exd4 14. Ne4 Re8 15. Bc1 h6 16. a4 Bg4 17. Re1 Nd7 18. h3 Bxe2 19. Rxe2 Rb8 20. a5 Kh7 21. Ba3 b6 22. Qb3 bxa5 23. Rbe1 Nf5 24. c5 Ne5 25. f4 a4 26. Qa2 Nxd3 27. Ng5+ hxg5 28. Rxe8 Qf6 29. Rxb8 Nxe1 30. Bc1 Nxg2 31. Kxg2 Qe7 32. fxg5 d3 33. Bf4 Qe4+ 34. Kh2 Qe2+ 35. Qxe2 dxe2 36. Re8 Nd4 37. Bxc7 Nf3+ 38. Kg2 e1Q 39. Rxe1 Nxe1+ 40. Kf1 a3 41. b6 a2 42. b7 a1Q 43. b8Q Nd3+ 44. Ke2 Nxc5 45. Bf4 Qb2+ 46. Qxb2 Bxb2 47. Be3 Ba3 48. Kd2 a5 49. Kc3 Bb4+ 50. Kc4 Ne4 51. g4 Be7 52. h4 a4 53. Bd4 a3 54. Kb3 Nd2+ 55. Ka2 Nf3 56. Bf2 Ne5 57. Bg3 Nxg4 58. Be1 Ne3 59. Bf2 Nf5 60. Be1 Kg8 0-1

[Event "Midwest Masters op"]
[Site "Chicago"]
[Date "1988.??.??"]
[Round "3"]
[White "Shirazi, Kamran"]
[Black "Moulin, Pierre"]
[Result "1-0"]
[WhiteElo "2455"]
[BlackElo "2290"]
[PlyCount "71"]
[EventDate "1988.??.??"]
[EventType "swiss"]
[EventRounds "6"]
[EventCountry "USA"]
[SourceTitle "EXT 1999"]
[Source "ChessBase"]
[SourceDate "1998.11.16"]
[SourceVersion "1"]
[SourceVersionDate "1998.11.16"]
[SourceQuality "1"]

1. e4 e5 2. Nf3 Nc6 3. Bb5 f5 4. d3 fxe4 5. dxe4 Nf6 6. 0-0 Bc5 7. Bxc6 bxc6 8. Nxe5 0-0 9. Nd3 Nxe4 10. Qe1 d5 11. Nxc5 Nxc5 12. Qa5 Qd6 13. b3 Ne6 14. Ba3 c5 15. Nc3 Rf5 16. Ne2 Bb7 17. Rad1 d4 18. f3 Re5 19. Ng3 Nf4 20. c4 Rae8 21. Rfe1 Qe7 22. Rxe5 Qxe5 23. Bc1 d3 24. Bxf4 Qd4+ 25. Kf1 Qxf4 26. Rxd3 Qc1+ 27. Kf2 h5 28. Qd2 Qa1 29. Nxh5 Qe5 30. Nf4 g5 31. Nh3 g4 32. Qg5+ Qxg5 33. Nxg5 Re5 34. Rd8+ Kg7 35. Rd7+ Kg6 36. f4 1-0

[Event "Anderlecht Librairie Marchand"]
[Site "Anderlecht"]
[Date "1987.??.??"]
[Round "3"]
[White "Geenen, Marc"]
[Black "Moulin, Pierre"]
[Result "0-1"]
[WhiteElo "2295"]
[BlackElo "2325"]
[PlyCount "106"]
[EventDate "1987.01.24"]
[EventType "tourn"]
[EventRounds "7"]
[EventCountry "BEL"]
[EventCategory "1"]
[SourceTitle "EXT 2004"]
[Source "ChessBase"]
[SourceDate "2003.11.25"]
[SourceVersion "1"]
[SourceVersionDate "2003.11.25"]
[SourceQuality "1"]

1. e4 c6 2. d4 d5 3. f3 Nf6 4. e5 Nfd7 5. f4 c5 6. Nf3 Nc6 7. c4 cxd4 8. cxd5 Qa5+ 9. Nbd2 Qxd5 10. Bc4 Qa5 11. Bxf7+ Kxf7 12. e6+ Kxe6 13. Ng5+ Kd6 14. Nf7+ Kc7 15. Nxh8 Qd5 16. Qb3 Qxg2 17. Qf3 Qxf3 18. Nxf3 e5 19. fxe5 Ndxe5 20. Nxe5 Nxe5 21. Bf4 Bd6 22. Bxe5 Bxe5 23. Rc1+ Kb6 24. 0-0 Bg4 25. Nf7 Bf6 26. Nd6 a6 27. Ne4 Be5 28. Nf2 Bf5 29. Rfd1 Bf4 30. Rc4 Be3 31. Kg2 Rf8 32. Nd3 Bg4 33. Re1 Bf3+ 34. Kg3 Bc6 35. Ne5 Bf2+ 36. Kg4 Bxe1 37. Rxc6+ bxc6 38. Nd7+ Kb5 39. Nxf8 Kc4 40. Ne6 Kd5 41. Nxg7 Ke4 42. Ne6 d3 43. Ng5+ Ke3 44. Nf3 d2 45. Nxd2 Kxd2 46. Kf5 Kc2 47. Ke6 Kxb2 48. Kd6 Kxa2 49. Kxc6 a5 50. Kb5 Kb3 51. h4 a4 52. h5 a3 53. h6 a2 0-1

[Event "Anderlecht Librairie Marchand"]
[Site "Anderlecht"]
[Date "1987.??.??"]
[Round "6"]
[White "Penson, Thierry"]
[Black "Moulin, Pierre"]
[Result "1/2-1/2"]
[WhiteElo "2245"]
[BlackElo "2325"]
[PlyCount "35"]
[EventDate "1987.01.24"]
[EventType "tourn"]
[EventRounds "7"]
[EventCountry "BEL"]
[EventCategory "1"]
[SourceTitle "EXT 2004"]
[Source "ChessBase"]
[SourceDate "2003.11.25"]
[SourceVersion "1"]
[SourceVersionDate "2003.11.25"]
[SourceQuality "1"]

1. c4 Nf6 2. Nc3 c5 3. Nf3 d5 4. cxd5 Nxd5 5. d4 g6 6. e4 Nxc3 7. bxc3 Bg7 8. Be3 Bg4 9. Qd2 Qa5 10. Rb1 Bxf3 11. Rb5 Qa3 12. gxf3 cxd4 13. cxd4 Nc6 14. Rxb7 0-0 15. Rb3 Qd6 16. d5 Ne5 17. Be2 Qd7 18. 0-0 1/2-1/2

[Event "Anderlecht Librairie Marchand"]
[Site "Anderlecht"]
[Date "1987.??.??"]
[Round "4"]
[White "Van Herck, Marcel"]
[Black "Moulin, Pierre"]
[Result "0-1"]
[WhiteElo "2240"]
[BlackElo "2325"]
[PlyCount "92"]
[EventDate "1987.01.24"]
[EventType "tourn"]
[EventRounds "7"]
[EventCountry "BEL"]
[EventCategory "1"]
[SourceTitle "EXT 2004"]
[Source "ChessBase"]
[SourceDate "2003.11.25"]
[SourceVersion "1"]
[SourceVersionDate "2003.11.25"]
[SourceQuality "1"]

1. g3 e5 2. Bg2 d5 3. c4 c6 4. b3 Nf6 5. Bb2 Bd6 6. d3 0-0 7. Nf3 e4 8. Nd4 Be5 9. Bc3 c5 10. Nc2 d4 11. Bb2 Nc6 12. 0-0 Bf5 13. Ne1 Re8 14. dxe4 Bxe4 15. Nd3 Qe7 16. Nd2 Bxg2 17. Kxg2 Bc7 18. Re1 Ba5 19. e3 Ne4 20. Nxe4 Qxe4+ 21. f3 Qe7 22. b4 Bxb4 23. Nxb4 Nxb4 24. exd4 Qxe1 25. Qxe1 Rxe1 26. Rxe1 Nc2 27. Re7 cxd4 28. Kf2 b6 29. Ke2 Rd8 30. Rxa7 d3+ 31. Kd2 Ne3 32. Bd4 Nxc4+ 33. Kxd3 Ne5+ 34. Ke4 Nc6 35. Bxb6 Re8+ 36. Kd3 Nxa7 37. Bxa7 Ra8 38. Bd4 Rxa2 39. h4 f5 40. Ke3 Kf7 41. h5 Ra4 42. Be5 Rb4 43. Bd6 Ra4 44. Be5 g6 45. hxg6+ hxg6 46. Bf4 Ra3+ 0-1